Historia del Via Crucis / (Record no. 130794)

MARC details
000 -LEADER
campo de control de longitud fija 00716nam a2200229 i 4500
001 - NÚMERO DE CONTROL
campo de control 130794
003 - IDENTIFICADOR DE NÚMERO DE CONTROL
campo de control ES-MaACL
005 - FECHA Y HORA DE LA ÚLTIMA TRANSACCIÓN
campo de control 20250820043203.0
007 - CAMPO FIJO DE DESCRIPCIÓN FÍSICA--INFORMACIÓN GENERAL
campo de control de longitud fija t|
008 - DATOS DE LONGITUD FIJA--INFORMACIÓN GENERAL
campo de control de longitud fija 070808s1958 sp ||||1| spa d
100 1# - ENTRADA PRINCIPAL--NOMBRE DE PERSONA
Nombre de persona Zedelgem, Amadeo de.
9 (RLIN) 118136
245 10 - MENCIÓN DEL TÍTULO
Título Historia del Via Crucis /
Mención de responsabilidad, etc. Amadeo de Zedelgem ; versión del francés por R. P. Crispín de Riezu.
260 ## - PUBLICACIÓN, DISTRIBUCIÓN, ETC.
Lugar de publicación, distribución, etc. [Bilbao] :
Nombre del editor, distribuidor, etc. Desclée de Brouwer,
Fecha de publicación, distribución, etc. 1958.
300 ## - DESCRIPCIÓN FÍSICA
Extensión 180 p. ;
Dimensiones 19 cm.
490 1# - MENCIÓN DE SERIE
Mención de serie Spiritus
600 04 - PUNTO DE ACCESO ADICIONAL DE MATERIA--NOMBRE DE PERSONA
Nombre de persona Jesucristo-
Subdivisión general Pasión
9 (RLIN) 66375
650 17 - PUNTO DE ACCESO ADICIONAL DE MATERIA--TÉRMINO DE MATERIA
Término de materia o nombre geográfico como elemento de entrada Vía crucis
Fuente del encabezamiento o término embne
9 (RLIN) 17772
700 1# - ENTRADA AGREGADA--NOMBRE PERSONAL
Nombre de persona Riezu, Crispín.
9 (RLIN) 97175
830 0# - PUNTO DE ACCESO ADICIONAL DE SERIE-TÍTULO UNIFORME
Título uniforme Spiritus
9 (RLIN) 181888
852 ## - LOCALIZACIÓN
Ubicación ES-MaACL
Número de control de estantería C-14842
Sublocalización o colección R.42399
Holdings
Estatus retirado Estado de pérdida Estado de daño No para préstamo Biblioteca de origen Biblioteca actual Ubicación en estantería Fecha de adquisición Fuente de adquisición Total de préstamos Signatura topográfica completa Código de barras Visto por última vez Precio de reemplazo Tipo de ítem Koha
        Biblioteca del Ateneo de Madrid Biblioteca del Ateneo de Madrid Ficheros 17/01/2008     C-14842 1136177 23/02/2023 23/02/2023 Libro impreso